Countries With Most Agricultural Land Area - Statistics

General Stats
  • This quiz has been taken 114 times
  • The average score is 7 of 8
Answer Stats
Answer % Correct
United States
99%
China
97%
Russia
97%
Brazil
96%
Canada
92%
India
91%
Australia
80%
Ukraine
52%
No matching quizzes found
Score Distribution
Percent of People with Each Score
Percentile by Number Answered
Your Score History
You have not taken this quiz